| 000 | 00682nam a22002177a 4500 | ||
|---|---|---|---|
| 005 | 20150320161737.0 | ||
| 008 | 140714b xxu||||| |||| 00| 0 Urdu d | ||
| 010 | _aUR-8758 | ||
| 020 | q | _c300.00 | |
| 035 | _aU-7313 | ||
| 037 | _bDBAD/Pub. | ||
| 040 |
_aDPL _bUrdu |
||
| 082 | _a841 | ||
| 100 | _aمحمد ا بر ا ہيم عا ر ج | ||
| 245 |
_aد يو ا ن عا و ج _bمحمد ا بر ا ہيم عا ر ج |
||
| 246 |
_aDeewan-e-Aarij _bBY Mohd. Jbrahim Aarij |
||
| 260 |
_aDhule-424001 (M.S.) _bArbab Zaman _c2013 |
||
| 270 | _aAarij Manzil,Iqbal Road,Lane No.1,Bara Paththar | ||
| 300 |
_a289ص _b22Cm.(Pb.) |
||
| 942 |
_2ddc _cUR _h841 _mم ح م |
||
| 999 |
_c92368 _d92368 |
||